Statistics for Square and Cube Numbers

Click here to take the quiz!

General Stats

  • This quiz has been taken 39 times
  • The average score is 29 of 50

Answer Stats

HintAnswer% Correct
Square1
100%
Cube1
100%
Square16
100%
Square25
100%
Square4
100%
Square64
100%
Cube64
100%
Square9
100%
Square36
96%
Square49
96%
Cube8
96%
Square100
93%
Square121
93%
Square144
89%
Square169
89%
Cube27
89%
Square81
86%
Cube1000
79%
Square225
79%
Square196
75%
Cube125
71%
Square256
71%
Square400
64%
Cube216
61%
Cube343
57%
Square289
54%
Cube512
54%
Cube729
54%
Square324
50%
Square625
50%
Square361
43%
Square441
39%
Square484
39%
Square529
39%
Square576
39%
Cube8000
36%
Cube1331
32%
Cube4096
32%
Cube3375
29%
Cube1728
25%
Cube2744
21%
Cube2197
18%
Cube15625
14%
Cube6859
14%
Cube4913
11%
Cube9261
11%
Cube10648
7%
Cube12167
7%
Cube13824
7%
Cube5832
7%

Score Distribution

Percentile by Number Answered

Percent of People with Each Score

Your Score History

You have not taken this quiz